Tort Law (Record no. 2849)

MARC details
005 - DATE AND TIME OF LATEST TRANSACTION
control field 20250621070529.0
020 ## - INTERNATIONAL STANDARD BOOK NUMBER
International Standard Book Number 1-4058-0711-3
082 ## - DEWEY DECIMAL CLASSIFICATION NUMBER
Classification number LM 346.420 ELL
100 ## - MAIN ENTRY--PERSONAL NAME
Author name ELLIOTT, C.
245 ## - TITLE STATEMENT
Title Tort Law
250 ## - EDITION STATEMENT
Edition statement 5th Ed.
260 ## - PUBLICATION, DISTRIBUTION, ETC.
Place of publication, distribution, etc. Harlow,
Name of publisher, distributor, etc. Pearson & Longman,
Date of publication, distribution, etc. 2005.
300 ## - PHYSICAL DESCRIPTION
Extent xxviii, 384p.
Other physical details Glossary, index.
Dimensions 25cm.
700 ## - ADDED ENTRY--PERSONAL NAME
Other authors/Editors QUINN, F.
856 ## - ELECTRONIC LOCATION AND ACCESS
Link text Access Books Online
Electronic name Tort Law
Path www.pearsoned.co.uk/elliottquinn
942 ## - ADDED ENTRY ELEMENTS (KOHA)
Source of classification or shelving scheme Dewey Decimal Classification
Koha item type Books
Holdings
Date last seen Total checkouts Full call number Barcode Cost, replacement price Price effective from Koha item type Lost status Source of classification or shelving scheme Damaged status Not for loan Withdrawn status Home library Current library Shelving location Date acquired Cost, normal purchase price
05/29/2025   LM 346.420 ELL 0000008231 79500.00 05/29/2025 Books   Dewey Decimal Classification       College of Business Education Main Library College of Business Education Main Library Special Reserve Collection 10/26/2009 26500.00
05/29/2025   LM 346.420 ELL 0000008232 79500.00 05/29/2025 Books   Dewey Decimal Classification       College of Business Education Main Library College of Business Education Main Library Special Reserve Collection 10/26/2009 26500.00
05/29/2025   LM 346.420 ELL 000000866 79500.00 05/29/2025 Books   Dewey Decimal Classification       College of Business Education Main Library College of Business Education Main Library General Collection 10/26/2009 26500.00
05/29/2025   LM 346.420 ELL 000000867 79500.00 05/29/2025 Books   Dewey Decimal Classification       College of Business Education Main Library College of Business Education Main Library General Collection 10/26/2009 26500.00
05/29/2025   LM 346.420 ELL 000000868 79500.00 05/29/2025 Books   Dewey Decimal Classification       College of Business Education Main Library College of Business Education Main Library General Collection 10/26/2009 26500.00